[Event "WIM Round Robin "]
[Site "Hotel "]
[Date "2019.07.14"]
[Round "2.1"]
[White "Sredojevic, Ivan"]
[Black "Harshini, A."]
[Result "1/2-1/2"]
[WhiteElo "2253"]
[BlackElo "2018"]
[PlyCount "101"]
[EventDate "2019.07.13"]

1. g3 d5 2. Bg2 Nf6 3. Nf3 Bf5 4. O-O h6 5. d3 e6 6. c4 c5 7. cxd5 exd5 8. d4
c4 9. Nc3 Bb4 10. Qa4+ Nc6 11. Ne5 Bxc3 12. bxc3 Qa5 13. Qxa5 Nxa5 14. Ba3 Ne4
15. Bb4 Nc6 16. f3 Nf6 17. Nxc6 bxc6 18. e4 Be6 19. Rab1 Kd7 20. e5 Ne8 21. Ba5
Kc8 22. g4 h5 23. h3 hxg4 24. hxg4 Rb8 25. Kf2 Nc7 26. Kg3 g5 27. Rxb8+ Kxb8
28. a4 Na6 29. Rb1+ Kc8 30. Bf1 Rg8 31. Be2 Rh8 32. Kg2 Rh7 33. Bd1 c5 34. Bc2
Rh4 35. Kg3 Bd7 36. Re1 cxd4 37. cxd4 Nc7 38. Bd2 Ne6 39. Be3 Rh8 40. Bf5 Rg8
41. Rh1 Rg7 42. Rh5 Kb7 43. Bxe6 Bxe6 44. Bxg5 c3 45. Be3 Kb6 46. Kf2 Ka5 47.
Ke2 Rxg4 48. fxg4 Bxg4+ 49. Kd3 Bxh5 50. Kxc3 Kxa4 51. Bc1 1/2-1/2

[Event "WIM Round Robin "]
[Site "Hotel "]
[Date "2019.07.14"]
[Round "2.2"]
[White "Dimitrijevic, Aleksandra"]
[Black "Vujcic, Milena"]
[Result "1-0"]
[WhiteElo "2148"]
[BlackElo "1989"]
[PlyCount "125"]
[EventDate "2019.07.13"]

1. d4 Nf6 2. Nf3 g6 3. c4 Bg7 4. Nc3 O-O 5. e3 d6 6. Be2 Nbd7 7. O-O e5 8. Qc2
c6 9. Rd1 Qe7 10. b3 e4 11. Nd2 Re8 12. a4 a5 13. Ba3 h5 14. Rab1 Nf8 15. b4
axb4 16. Rxb4 Ra5 17. d5 c5 18. Rb5 Ra6 19. Rdb1 g5 20. Bb2 N8h7 21. Ncxe4 Nxe4
22. Nxe4 Bxb2 23. R5xb2 Bf5 24. f3 Bxe4 25. fxe4 Nf6 26. Rxb7 Qxe4 27. Qxe4
Rxe4 28. R7b6 Rxa4 29. Rxd6 Ng4 30. Rc6 Nxe3 31. d6 Rd4 32. Rxc5 Rxd6 33. Rxg5+
Rg6 34. Rxg6+ fxg6 35. c5 Ra2 36. c6 Rxe2 37. c7 Rxg2+ 38. Kh1 Rc2 39. Rb8+ Kg7
40. c8=Q Rxc8 41. Rxc8 Kh6 42. Rc5 Nf5 43. Kg2 Kg5 44. Ra5 Kg4 45. Ra6 Nh4+ 46.
Kg1 Nf5 47. Rxg6+ Kf4 48. Rg8 Nh6 49. Rh8 Kg5 50. Kg2 Nf5 51. Ra8 Kg4 52. Ra4+
Kg5 53. Rb4 Nh4+ 54. Kf2 Nf5 55. Ra4 Nh6 56. Kf3 Ng4 57. h3 Ne5+ 58. Kg3 Ng6
59. Ra5+ Kh6 60. Kf3 Nh8 61. Kf4 Nf7 62. Ra6+ Kg7 63. Kf5 1-0

[Event "WIM Round Robin "]
[Site "Hotel "]
[Date "2019.07.14"]
[Round "2.3"]
[White "Scott, Luke"]
[Black "Peycheva, Gergana"]
[Result "0-1"]
[WhiteElo "1904"]
[BlackElo "2065"]
[PlyCount "78"]
[EventDate "2019.07.13"]

1. d4 Nf6 2. c4 e6 3. Nc3 Bb4 4. e3 O-O 5. Nge2 Re8 6. a3 Bf8 7. d5 exd5 8.
cxd5 a5 9. g3 b6 10. Bg2 Na6 11. O-O Bb7 12. Re1 Nc5 13. b3 g6 14. Rb1 Bg7 15.
b4 axb4 16. axb4 Nce4 17. f3 Nxc3 18. Nxc3 d6 19. e4 Qd7 20. Be3 Re7 21. Rc1 h6
22. Bf1 Qd8 23. Nb5 Kh7 24. Qc2 Ne8 25. Bd4 Bxd4+ 26. Nxd4 Ng7 27. Bb5 Qf8 28.
Bc6 Bxc6 29. Nxc6 Ree8 30. Nd4 Rac8 31. Re3 f5 32. Rc3 fxe4 33. fxe4 Qf6 34.
Nb5 Rf8 35. Nxc7 Rf7 36. Nb5 Rxc3 37. Qxc3 Qf2+ 38. Kh1 Qe2 39. Qc4 Rf1+ 0-1

[Event "WIM Round Robin "]
[Site "Hotel "]
[Date "2019.07.14"]
[Round "2.4"]
[White "Ivic, Matija"]
[Black "Liu, Hongyan"]
[Result "0-1"]
[WhiteElo "2294"]
[BlackElo "2033"]
[PlyCount "48"]
[EventDate "2019.07.13"]

1. e4 c5 2. Nf3 e6 3. d4 cxd4 4. Nxd4 a6 5. Nc3 Qc7 6. g3 Nf6 7. Bg2 Bb4 8. O-O
O-O 9. Bg5 Be7 10. Qe2 d6 11. Rfe1 Nbd7 12. Rad1 Rb8 13. f4 Qb6 14. e5 dxe5 15.
fxe5 Bc5 16. Be3 Nd5 17. Bxd5 exd5 18. Nxd5 Qxb2 19. Nf5 Re8 20. Qg4 Bxe3+ 21.
Rxe3 g6 22. Nde7+ Kh8 23. Rxd7 Bxd7 24. Qg5 Qb6 0-1

[Event "WIM Round Robin "]
[Site "Hotel "]
[Date "2019.07.14"]
[Round "2.5"]
[White "Eswaran, Aksithi"]
[Black "Brankovic, Dejan"]
[Result "0-1"]
[WhiteElo "1741"]
[BlackElo "2312"]
[PlyCount "46"]
[EventDate "2019.07.13"]

1. e4 c5 2. Nf3 Nc6 3. d4 cxd4 4. Nxd4 Nf6 5. Nc3 d6 6. Be2 g6 7. Be3 Bg7 8.
Qd2 O-O 9. O-O-O Nxd4 10. Bxd4 Be6 11. Kb1 b5 12. Bf3 b4 13. Nd5 Bxd5 14. exd5
Qa5 15. Rhe1 Rfe8 16. Re2 Rab8 17. Qe1 Kf8 18. g4 Rb5 19. Bxf6 Bxf6 20. Be4 Bc3
21. Qf1 Qa3 22. bxa3 bxa3+ 23. Kc1 Reb8 0-1

[Event "WIM Round Robin "]
[Site "Hotel "]
[Date "2019.07.15"]
[Round "4.1"]
[White "Sredojevic, Ivan"]
[Black "Dimitrijevic, Aleksandra"]
[Result "1/2-1/2"]
[WhiteElo "2253"]
[BlackElo "2148"]
[PlyCount "29"]
[EventDate "2019.07.13"]

1. d4 d5 2. c4 c6 3. cxd5 cxd5 4. Bf4 Nc6 5. e3 a6 6. Nc3 Nf6 7. Nf3 e6 8. Bd3
Bd6 9. Bxd6 Qxd6 10. O-O O-O 11. Rc1 b5 12. Qe2 Bb7 13. a3 Rac8 14. Rc2 h6 15.
Rfc1 1/2-1/2

[Event "WIM Round Robin "]
[Site "Hotel "]
[Date "2019.07.15"]
[Round "4.2"]
[White "Scott, Luke"]
[Black "Harshini, A."]
[Result "1/2-1/2"]
[WhiteElo "1904"]
[BlackElo "2018"]
[PlyCount "103"]
[EventDate "2019.07.13"]

1. d4 Nf6 2. c4 g6 3. Nc3 d5 4. Nf3 Bg7 5. cxd5 Nxd5 6. e4 Nxc3 7. bxc3 c5 8.
Rb1 O-O 9. Be2 b6 10. O-O Bb7 11. d5 Bxc3 12. Bc4 Bg7 13. Bf4 Ba6 14. Qe2 Qc8
15. Rfd1 Bxc4 16. Qxc4 Qa6 17. Qc2 Nd7 18. e5 b5 19. Qe2 Qa4 20. Bg5 f6 21.
exf6 exf6 22. Qe6+ Rf7 23. Be3 Rc8 24. Nd2 Rc7 25. d6 Rc8 26. Ne4 Qc4 27. Qxc4
bxc4 28. Rb7 Ne5 29. d7 Rd8 30. Nxc5 Bf8 31. Rxa7 Bxc5 32. Bxc5 Nd3 33. Bd4
Rfxd7 34. Rxd7 Rxd7 35. Bxf6 Ra7 36. Rd2 Kf7 37. Bd4 Ra3 38. Rc2 Ra4 39. Kf1
Ke6 40. g3 Kd5 41. Bc3 Ke4 42. Ke2 Rxa2 43. f3+ Kd5 44. Rxa2 Nc1+ 45. Kd2 Nxa2
46. Ba5 Kc5 47. Kc2 Nb4+ 48. Bxb4+ Kxb4 49. f4 h5 50. h3 Kc5 51. Kc3 Kd5 52. g4
1/2-1/2

[Event "WIM Round Robin "]
[Site "Hotel "]
[Date "2019.07.15"]
[Round "4.3"]
[White "Ivic, Matija"]
[Black "Vujcic, Milena"]
[Result "1/2-1/2"]
[WhiteElo "2294"]
[BlackElo "1989"]
[PlyCount "29"]
[EventDate "2019.07.13"]

1. e4 e5 2. Nf3 Nc6 3. Bb5 a6 4. Bxc6 dxc6 5. d4 exd4 6. Qxd4 Qxd4 7. Nxd4 Bd7
8. Nc3 O-O-O 9. Be3 c5 10. Nb3 b6 11. O-O-O Ne7 12. f4 g6 13. Rhe1 Bg7 14. Bf2
Nc6 15. e5 1/2-1/2

[Event "WIM Round Robin "]
[Site "Hotel "]
[Date "2019.07.15"]
[Round "4.4"]
[White "Eswaran, Aksithi"]
[Black "Peycheva, Gergana"]
[Result "0-1"]
[WhiteElo "1741"]
[BlackElo "2065"]
[PlyCount "72"]
[EventDate "2019.07.13"]

1. e4 c5 2. Nf3 Nc6 3. d4 cxd4 4. Nxd4 g6 5. c4 Nf6 6. Nc3 d6 7. Be2 Nxd4 8.
Qxd4 Bg7 9. Be3 O-O 10. Qd1 a5 11. O-O a4 12. Rc1 Be6 13. f3 Qa5 14. Qd2 Rfc8
15. b3 axb3 16. axb3 Nd7 17. Na4 Qxd2 18. Bxd2 Bd4+ 19. Kh1 b5 20. cxb5 Bxb3
21. Nc3 Nc5 22. h4 Be6 23. Rb1 Nb3 24. b6 Nxd2 25. b7 Nxf1 26. Bxf1 Bxc3 27.
bxa8=Q Rxa8 28. Bd3 Ra1 29. Rxa1 Bxa1 30. g4 h5 31. g5 Bc3 32. f4 Be1 33. f5
Bd7 34. fxg6 fxg6 35. Bc4+ Kg7 36. Kg2 Bxh4 0-1

[Event "WIM Round Robin "]
[Site "Hotel "]
[Date "2019.07.15"]
[Round "4.5"]
[White "Brankovic, Dejan"]
[Black "Liu, Hongyan"]
[Result "1/2-1/2"]
[WhiteElo "2312"]
[BlackElo "2033"]
[PlyCount "27"]
[EventDate "2019.07.13"]

1. Nf3 d5 2. g3 Nf6 3. Bg2 c6 4. d3 Bg4 5. h3 Bh5 6. O-O Nbd7 7. Qe1 Bxf3 8.
Bxf3 e5 9. c4 dxc4 10. dxc4 a5 11. Nc3 Be7 12. Na4 Nc5 13. Nxc5 Bxc5 14. Bg5
1/2-1/2

[Event "WIM Round Robin "]
[Site "Hotel "]
[Date "2019.07.17"]
[Round "6.1"]
[White "Sredojevic, Ivan"]
[Black "Scott, Luke"]
[Result "1-0"]
[WhiteElo "2253"]
[BlackElo "1904"]
[PlyCount "45"]
[EventDate "2019.07.13"]

1. Nf3 Nf6 2. g3 b5 3. Bg2 Bb7 4. O-O e6 5. d3 Be7 6. e4 d5 7. e5 Nfd7 8. Re1
c5 9. h4 O-O 10. Bf4 Nc6 11. Nbd2 a5 12. Nf1 b4 13. N1h2 a4 14. Ng5 a3 15. b3
Qb6 16. Qh5 h6 17. Ng4 hxg5 18. hxg5 Rfc8 19. Nf6+ Bxf6 20. gxf6 Nxf6 21. exf6
gxf6 22. Rxe6 fxe6 23. Qg6+ 1-0

[Event "WIM Round Robin "]
[Site "Hotel "]
[Date "2019.07.17"]
[Round "6.2"]
[White "Ivic, Matija"]
[Black "Dimitrijevic, Aleksandra"]
[Result "1/2-1/2"]
[WhiteElo "2294"]
[BlackElo "2148"]
[PlyCount "29"]
[EventDate "2019.07.13"]

1. c4 c5 2. g3 g6 3. Bg2 Bg7 4. Nf3 Nf6 5. O-O O-O 6. Nc3 Nc6 7. d3 d6 8. a3 a6
9. Rb1 Rb8 10. b4 cxb4 11. axb4 b5 12. cxb5 axb5 13. Bd2 Bd7 14. Qc1 Qc8 15.
Bh6 1/2-1/2

[Event "WIM Round Robin "]
[Site "Hotel "]
[Date "2019.07.17"]
[Round "6.3"]
[White "Eswaran, Aksithi"]
[Black "Harshini, A."]
[Result "0-1"]
[WhiteElo "1741"]
[BlackElo "2018"]
[PlyCount "138"]
[EventDate "2019.07.13"]

1. e4 e5 2. Nf3 Nc6 3. Bc4 Bc5 4. c3 Nf6 5. d4 exd4 6. cxd4 Bb4+ 7. Bd2 Bxd2+
8. Nbxd2 d5 9. exd5 Nxd5 10. Qb3 Nce7 11. O-O O-O 12. Rfe1 c6 13. Ne4 Qb6 14.
Rac1 Rd8 15. h3 h6 16. Rcd1 Qxb3 17. Bxb3 a5 18. a3 Kf8 19. Rd2 Nf4 20. Nc3 Rd6
21. Ne5 Ned5 22. Bxd5 Nxd5 23. Nc4 Rd8 24. Nxd5 cxd5 25. Ne5 Be6 26. f4 Bf5 27.
g4 Be4 28. g5 h5 29. Nd3 b6 30. Nf2 Bf5 31. Re5 g6 32. Kh2 Rac8 33. Nd1 Rc1 34.
Nc3 Be6 35. Rde2 Rf1 36. Kg3 h4+ 37. Kg2 Rxf4 38. Rd2 Rf5 39. Rxf5 Bxf5 40. Re2
Re8 41. Rxe8+ Kxe8 42. Kf3 Be6 43. Kf4 Kd7 44. b4 axb4 45. axb4 Kc6 46. b5+ Kd6
47. Na4 Bd7 48. Nxb6 Bxb5 49. Nc8+ Ke6 50. Kg4 Bc6 51. Kxh4 Kd7 52. Na7 Ba4 53.
Kg3 Kc7 54. Kf4 Kb7 55. Ke5 Kxa7 56. Kxd5 Kb7 57. Kd6 Kc8 58. Ke7 Bb3 59. h4
Kc7 60. Kf6 Kd6 61. Kg7 Be6 62. Kh6 Kd5 63. h5 gxh5 64. Kxh5 Bf5 65. Kh6 Kxd4
66. Kg7 Bg6 67. Kf6 Ke4 68. Kg7 Kf5 69. Kh6 Kg4 0-1

[Event "WIM Round Robin "]
[Site "Hotel "]
[Date "2019.07.17"]
[Round "6.4"]
[White "Brankovic, Dejan"]
[Black "Vujcic, Milena"]
[Result "1/2-1/2"]
[WhiteElo "2312"]
[BlackElo "1989"]
[PlyCount "25"]
[EventDate "2019.07.13"]

1. e4 e5 2. Nf3 Nc6 3. Bb5 a6 4. Ba4 Nf6 5. d3 d6 6. c3 g6 7. O-O Bg7 8. Re1
O-O 9. h3 Nd7 10. d4 h6 11. Bxc6 bxc6 12. dxe5 Nxe5 13. Nxe5 1/2-1/2

[Event "WIM Round Robin "]
[Site "Hotel "]
[Date "2019.07.17"]
[Round "6.5"]
[White "Liu, Hongyan"]
[Black "Peycheva, Gergana"]
[Result "1/2-1/2"]
[WhiteElo "2033"]
[BlackElo "2065"]
[PlyCount "23"]
[EventDate "2019.07.13"]

1. d4 d5 2. c4 e6 3. Nf3 Nf6 4. g3 Be7 5. Bg2 c6 6. O-O O-O 7. Nbd2 b6 8. b3
Bb7 9. Bb2 a5 10. a3 Na6 11. Ne5 Qc7 12. Rc1 1/2-1/2